El Delito de Robo /

El libro desarrolla los siguientes temas: Del Delito en General; El Delito de Robo; El Robo en el Código Penal Vigente; Clasificación Legal del Delito de Robo; Elementos del Delito, sus Aspectos Positivos y Negativos.

Guardat en:
Dades bibliogràfiques
Autor principal: Narváez Barker, Fernando (autor)
Format: Llibre
Idioma:espanyol
Publicat: México : UNAM, 1962
Matèries:
Etiquetes: Afegir etiqueta
Sense etiquetes, Sigues el primer a etiquetar aquest registre!

MARC

LEADER 00000nam^a2200000^a^4500
001 000022205
005 20250521000000.0
009 20260310084446.016
037 |a Acervo ITESO - Biblioteca 
041 |a ESP 
082 |a 345. 02  |b NAR 
100 |a Narváez Barker, Fernando  |e (autor) 
245 1 3 |a El Delito de Robo /  |c Fernando Narváez Barker. 
264 1 |a México :  |b UNAM,  |c 1962 
300 |a 123 p. 
336 |a texto  |b txt  |2 rdacontenido 
337 |a sin mediación  |b n  |2 rdamedio 
338 |a volumen  |b nc  |2 rdasoporte 
520 |a El libro desarrolla los siguientes temas: Del Delito en General; El Delito de Robo; El Robo en el Código Penal Vigente; Clasificación Legal del Delito de Robo; Elementos del Delito, sus Aspectos Positivos y Negativos. 
649 |a XX 
650 |a Derecho Penal 
650 |a Delitos contra la Propiedad 
650 |a Robo 
650 |a Criminología 
910 |a Fondo General 
920 |a Impresos - Libros 
930 |a Colección General 
905 |a 101 
901 |a 0222050100  |b IT1  |c ACC  |i 022205  |u 20250521 
902 |a https://opac.biblio.iteso.mx/vufind/Record/000022205